000 00432nam a2200181Ia 4500
001 19621
005 20260306172706.0
008 260306t1994||||xx |||||||||||||| ||spa||
041 _aESP
082 _a340.7
_bD96
100 _aDu Pasquier, Claude [1986-...]
_eAUT
245 0 _aIntroducción al derecho
260 _c1994
300 _a318 páginas :
_c21 cm.
650 _aGEN
654 _aCDE
942 _cLIB
_dJUS
_fJUS
_2ddc
_n
999 _c19621
_d19621